| 000 | 00486nam a2200157 a 4500 | ||
|---|---|---|---|
| 005 | 20140412111348.0 | ||
| 008 | 050422s19uu xx 00 eng d | ||
| 020 | _a0-439-15944-X | ||
| 050 |
_aER _bWh55 1999 |
||
| 100 | _aDotlich, Rebecca Kai | ||
| 245 |
_aWhat is round? / _cby Rebecca Kai Dotlich ; photographs by Maria Ferrari. |
||
| 260 |
_aNew York : _bScholastic Inc., _c1999. |
||
| 300 | _a1 v. (unp.) ; ill. | ||
| 650 |
_aShapes _xCircle _xJuvenile literature |
||
| 999 |
_c105255 _d105255 |
||